000 00631nam a2200229Ia 4500
003 OSt
005 20230617100447.0
008 210423s2012 xx 000 0 und d
020 _a8122403212
040 _cAL
041 _aeng
082 _a530.41 VERA
_223
100 _aVERMA (A R);SRIVASTAVA (O N).
_997936
245 _aCrystallography applied to solid state physics.
250 _a2
260 _aNew Delhi
_bNew Age International
_c2012
300 _axv,464
_bPB
365 _b265
_cINR
650 _aSolid State Physics
_997937
906 _aapplied ; Crystallography ; physics. ; solid ; state
942 _2ddc
_cBK
999 _c162099
_d162099